00705 a2200193 450000500170000000800410001701000140005802000230007203500130009503700150010808200120012310000160013524500800015126000450023127000790027630000570035550000750041270000240048720080826113124.0080826t xxu||||| |||| 00| 0 eng d aENG-87162 c844.00a8181770072 aEN-70695 bDBAD / PUB a581.954 aParia, N.D. aFlora of Hazaribagh District, Biharcby N.D. Paria [and] S.P. Chattopadhyay aKolkatabBotanical Survey of Indiac2005 a5th & 6th Floor, F-wing, C.G.O. Complex, Salt Lake City,aKolkatae700 064 av.2 (xxii, 549-1299p.)c23cm (Hb )bb&w, col.photos aV.I recd. on 20.6.2001, EN-45533.& v.2 - Tropaeolaceae to Orchidaceae aChattopadhyay, S.P.